00294nam a2200109Ia 4500008004100000041000800041100001800049245003900067260003500106300000800141700003500149250110s9999 xx 000 0 und d aeng aDhamne Shruti aPublic Market at Ganga Ghat Nashik bFinal Year B. Arch, BNCAc2014 a76p aGuide Name:Kolhatkar Aniruddha